Score 0/28 Timer 15:00
0 Plays Today
Character % Correct
Jack O'Neill
100%
Daniel Jackson
100%
Teal'c
100%
Sam Carter
100%
George Hammond
91%
Vala Mal Doran
86.6%
Cameron Mitchell
85.1%
Apophis
85.1%
Rodney McKay
83.6%
Hank Landry
82.1%
Elizabeth Weir
74.6%
Richard Woolsey
74.6%
John Sheppard
73.1%
Carson Beckett
70.1%
Character % Correct
Teyla Emmagan
68.7%
Ronon Dex
68.7%
Janet Fraiser
64.2%
Aiden Ford
64.2%
Todd
61.2%
Jennifer Keller
58.2%
Nicholas Rush
40.3%
Chloe Armstrong
35.8%
Matthew Scott
34.3%
Everett Young
32.8%
Eli Wallace
29.9%
Ronald Greer
28.4%
Tamara Johansen
20.9%
Camile Wray
17.9%

You're not logged in!

Compare scores with friends on all Sporcle quizzes.
OR
Log In

Sporcle TV

Today on Sporcle TV


Watch our educational content, quiz creation guides, and fun videos on Sporcle TV.

Show Comments

Extras

Created Jan 2, 2014SourceReportNominate
Tags:Character, stargate

Top Quizzes Today


Score Distribution

Paid Content

Your Account Isn't Verified!

In order to create a playlist on Sporcle, you need to verify the email address you used during registration. Go to your Sporcle Settings to finish the process.

Report this User

Report this user for behavior that violates our Community Guidelines.

Details: